Geology and ground-water resources of the Lower South Platte River Valley between Hardin, Colorado, and Paxton, Nebraska /

Hlavní autor: Bjorklund, L. J.
Další autoři: Brown, R. F., Swenson, Herbert A. 1911-
Jazyk: Angličtina
Vydáno: Washington : US Government Printing Office, 1957
Edice: Geological Survey water-supply paper
Fyzický popis: 5, 431 s.
Knihy
Uloženo v:
LEADER 00981nam a22002412a 4500
001 001405171
003 CZ BrMZK
005 20231005064853.0
007 ta
008 140718s1957 xxu er|||||||||||eng d
040 |a BOA001  |b cze 
100 1 |a Bjorklund, L. J.  |4 aut 
245 1 0 |a Geology and ground-water resources of the Lower South Platte River Valley between Hardin, Colorado, and Paxton, Nebraska /  |c L.J. Bjorklund, R.F. Brown ; with a section on chemical quality of the ground water by H.A. Swenson 
260 |a Washington :  |b US Government Printing Office,  |c 1957 
300 |a 5, 431 s. 
490 1 |a Geological Survey water-supply paper ;  |v 1378 
700 1 |a Brown, R. F.  |4 aut 
700 1 |a Swenson, Herbert A.  |q (Herbert Alfred),  |d 1911-  |7 mzk20201096597  |4 aut 
830 0 |a Geological Survey water-supply paper 
910 |a BOA001  |b 2-0418.687 
990 |a BK 
991 |b 201407 
996 7 |b 2619123401  |c 2-0418.687  |l MZK  |r Sklad / do 24 hodin  |n 0  |w 001440241  |u 000010  |a 1  |e BOA001  |j MZK50  |s A